书目信息 |
| 题名: |
公共广播收入模式研究
|
|
| 作者: | 洪丽 主编 | |
| 分册: | ||
| 出版信息: | 北京 中国广播电视出版社 2010.07 |
|
| 页数: | 235页 | |
| 开本: | 24cm | |
| 丛书名: | 广播电视公共服务研究系列丛书 | |
| 单 册: | ||
| 中图分类: | G229.1 | |
| 科图分类: | ||
| 主题词: | 广播电视--经济收入--研究--世界 , 广播电视 , 经济收入 | |
| 电子资源: | ||
| ISBN: | 978-7-5043-6198-1 | |
| 000 | 01100oam2 2200289 450 | |
| 001 | 010010078585 | |
| 005 | 20130627101007.79 | |
| 010 | @a978-7-5043-6198-1@dCNY30.00 | |
| 100 | @a20100910d2010 em y0chiy0110 ea | |
| 101 | 0 | @achi |
| 102 | @aCN@b110000 | |
| 105 | @aak z 000yy | |
| 106 | @ar | |
| 200 | 1 | @a公共广播收入模式研究@9gong gong guang bo shou ru mo shi yan jiu@f洪丽主编 |
| 210 | @a北京@c中国广播电视出版社@d2010.07 | |
| 215 | @a235页@c图@d24cm | |
| 225 | 2 | @a广播电视公共服务研究系列丛书 |
| 300 | @a教育部人文社科重点研究基地重大项目 “我国广播电视公共服务体系目标与实施研究”项目编号:05JJD860168 | |
| 330 | @a本书主要内容包括:理论基础;公共广播体制的历史演变及影响因素;公共广播收入模式的变迁历程;执照费制度的理论基础及影响因素;数字时代下执照费制度面临的问题及政策趋势等。 | |
| 461 | 0 | @12001 @a广播电视公共服务研究系列丛书@1701 0@a胡正荣@4主编 |
| 606 | 0 | @a广播电视@x经济收入@x研究@y世界 |
| 606 | 0 | @a广播电视 |
| 606 | 0 | @a经济收入 |
| 690 | @aG229.1@v4 | |
| 701 | 0 | @a洪丽@9hong li@4主编 |
| 801 | 0 | @aCN@bRENTIAN@c20100910 |
| 905 | @b546728-32@dG229.1@e168@f5 | |
| 公共广播收入模式研究/洪丽主编.-北京:中国广播电视出版社,2010.07 |
| 235页:图;24cm.-(广播电视公共服务研究系列丛书) |
| 教育部人文社科重点研究基地重大项目 “我国广播电视公共服务体系目标与实施研究”项目编号:05JJD860168 |
| ISBN 978-7-5043-6198-1:CNY30.00 |
| 本书主要内容包括:理论基础;公共广播体制的历史演变及影响因素;公共广播收入模式的变迁历程;执照费制度的理论基础及影响因素;数字时代下执照费制度面临的问题及政策趋势等。 |
| ● |
| 相关链接 |
|
|
|
|
正题名:公共广播收入模式研究
索取号:G229.1/168
 
预约/预借
| 序号 | 登录号 | 条形码 | 馆藏地/架位号 | 状态 | 备注 |
| 1 | 546728 | 205467289 | 第一样本阅览室/ [索取号:G229.1/168] | 在馆 | |
| 2 | 546729 | 205467298 | 第四借阅区/ [索取号:G229.1/168] | 在馆 | |
| 3 | 546730 | 205467305 | 第四借阅区/ [索取号:G229.1/168] | 在馆 | |
| 4 | 546731 | 205467314 | 第四借阅区/ [索取号:G229.1/168] | 在馆 | |
| 5 | 546732 | 205467323 | 密集书库-文学院/ [索取号:G229.1/168] | 在馆 |